Latinoamérica: el gran capital se aleja del subcontinente /

sin resumen

Salvato in:
Dettagli Bibliografici
Autore principale: Schilling, Paulo R.
Natura: testo
Soggetti:
Tags: Aggiungi Tag
Nessun Tag, puoi essere il primo ad aggiungerne!!

MARC

LEADER 00000 a a2200000 04500
001 11568
003
040
100 |a Schilling, Paulo R.  
245 |a Latinoamérica:   |b el gran capital se aleja del subcontinente /  |c Paulo R. Schilling 
520 |a sin resumen  
650 |a CAPITAL  
650 |a INVERSIONES  
650 |a MERCADO FINANCIERO  
773 |g volumen 1, número 7; páginas 14-16  
999 |c 33266  |d 33266 
773 0 |0 45328  |9 9911  |d La Habana: Prensa Latina. 1990-  |o MFN: 1962  |t Panorama Económico Internacional /